00243 a2200109 4500001000700000020000600007040001100013100002900024240003800053245003300091362000900124169603 a  cMagnum aMailhiot, Gerald Bernard10aDinamica e genese dos gruposlpor10aDinamica e genese dos grupos0 a1899